| 000 | 00000nam##2200000za#4500 |
| 001 | 9.571324 |
| 003 | CaOODSP |
| 005 | 20210624182652 |
| 007 | cr ||||||||||| |
| 008 | 150406|1998||||xxc|||||o f|0| 0 eng|d |
| 040 | |aCaOODSP|beng |
| 043 | |an-cn--- |
| 086 | 1 |aTU3-5/98-35E-PDF |
| 110 | 2 |aTransportation Safety Board of Canada. |
| 245 | 10|aIn-flight main rotor blade separation, AG-Rotors Inc., Bell 47-G2 (helicopter) C-FODS, Windsor, Ontario 3nm E, 13 August 1998 |h[electronic resource] |
| 260 | |aGatineau - Quebec : |bTransportation Safety Board of Canada |c[2000]. |
| 300 | |a13p.|bphotographs |
| 490 | 1 |aAviation investigation report |vA98O0214 |
| 500 | |a"The Board authorized the release of this report on 22 June 2000."--p.13 of 13. |
| 590 | |a12-18-Supp|b2012-04-25 |
| 775 | 08|tPerte en vol d'une pale de rotor principal, AG-Rotors Inc., Bell 47-G2 (hélicoptère) C-FODS, 3 nm à l'est de Windsor (Ontario), le 13 août 1998 |w(CaOODSP)9.601938 |
| 830 | #0|aAviation investigation report ;|vA98O0214|w(CaOODSP)9.504825 |
| 856 | 40|ahttp://publications.gc.ca|qPDF|s561 KB|uhttps://publications.gc.ca/collections/collection_2011/bst-tsb/TU3-5-98-35-eng.pdf|yA98O0214 |